000 00672nam a2200205 i 4500
001 122107
003 ES-MaACL
005 20251220063019.0
007 t|
008 070214s1969 sp r ||||1| spa d
100 1 _aPrieto, Carlos,
_d1898-1991
_9156926
245 1 3 _aLa minería en el Nuevo Mundo /
_cCarlos Prieto ; prólogo de Pedro Laín Entralgo.
250 _a2ª ed.
260 _aMadrid :
_bRevista de Occidente,
_c1969.
300 _a194 p., 13 lám. :
_bretr. autor ;
_c22 cm.
650 4 _aMinería-
_zAmérica española.
_9156872
700 1 _aLaín Entralgo, Pedro,
_d1908-2001
_969681
852 _aES-MaACL
_jC-47315
999 _c122107
_d122107